<?xml version="1.0" encoding="UTF-8"?>
<record
    xmlns:xsi="http://www.w3.org/2001/XMLSchema-instance"
    xsi:schemaLocation="http://www.loc.gov/MARC21/slim http://www.loc.gov/standards/marcxml/schema/MARC21slim.xsd"
    xmlns="http://www.loc.gov/MARC21/slim">

  <leader>00465nam a22001697a 4500</leader>
  <controlfield tag="005">20241215145359.0</controlfield>
  <controlfield tag="008">241215b        |||||||| |||| 00| 0 eng d</controlfield>
  <datafield tag="020" ind1=" " ind2=" ">
    <subfield code="a">9780192633316</subfield>
  </datafield>
  <datafield tag="050" ind1=" " ind2=" ">
    <subfield code="a">QP34.5</subfield>
    <subfield code="b">.G72</subfield>
  </datafield>
  <datafield tag="100" ind1=" " ind2=" ">
    <subfield code="a">Green, J. H.</subfield>
  </datafield>
  <datafield tag="245" ind1=" " ind2=" ">
    <subfield code="a">Basic Clinical Physiology/</subfield>
    <subfield code="c">J. H. Green</subfield>
  </datafield>
  <datafield tag="250" ind1=" " ind2=" ">
    <subfield code="a">3rd ed.</subfield>
  </datafield>
  <datafield tag="260" ind1=" " ind2=" ">
    <subfield code="a">New York </subfield>
    <subfield code="b">Oxford University Press</subfield>
    <subfield code="c">2002</subfield>
  </datafield>
  <datafield tag="300" ind1=" " ind2=" ">
    <subfield code="a">x.176p.</subfield>
    <subfield code="b">ill.</subfield>
    <subfield code="c">24.5cm</subfield>
  </datafield>
  <datafield tag="500" ind1=" " ind2=" ">
    <subfield code="a">includes index</subfield>
  </datafield>
  <datafield tag="942" ind1=" " ind2=" ">
    <subfield code="2">lcc</subfield>
    <subfield code="c">BK</subfield>
    <subfield code="e">3rd ed.</subfield>
    <subfield code="n">0</subfield>
  </datafield>
  <datafield tag="999" ind1=" " ind2=" ">
    <subfield code="c">2278</subfield>
    <subfield code="d">2278</subfield>
  </datafield>
  <datafield tag="952" ind1=" " ind2=" ">
    <subfield code="0">0</subfield>
    <subfield code="1">0</subfield>
    <subfield code="2">lcc</subfield>
    <subfield code="4">0</subfield>
    <subfield code="7">0</subfield>
    <subfield code="8">NFIC</subfield>
    <subfield code="a">MSL</subfield>
    <subfield code="b">MSL</subfield>
    <subfield code="c">GEN</subfield>
    <subfield code="d">2024-12-15</subfield>
    <subfield code="l">0</subfield>
    <subfield code="o">QP34.5 .G72 GRE</subfield>
    <subfield code="p">SLM00001576</subfield>
    <subfield code="r">2024-12-15 14:55:01</subfield>
    <subfield code="t">1</subfield>
    <subfield code="w">2024-12-15</subfield>
    <subfield code="y">BK</subfield>
  </datafield>
  <datafield tag="952" ind1=" " ind2=" ">
    <subfield code="0">0</subfield>
    <subfield code="1">0</subfield>
    <subfield code="2">lcc</subfield>
    <subfield code="4">0</subfield>
    <subfield code="7">0</subfield>
    <subfield code="8">NFIC</subfield>
    <subfield code="a">MSL</subfield>
    <subfield code="b">MSL</subfield>
    <subfield code="c">GEN</subfield>
    <subfield code="d">2024-12-15</subfield>
    <subfield code="l">0</subfield>
    <subfield code="o">QP34.5 .G72 GRE</subfield>
    <subfield code="p">SLM00001577</subfield>
    <subfield code="r">2024-12-15 14:55:01</subfield>
    <subfield code="t">2</subfield>
    <subfield code="w">2024-12-15</subfield>
    <subfield code="y">BK</subfield>
  </datafield>
  <datafield tag="952" ind1=" " ind2=" ">
    <subfield code="0">0</subfield>
    <subfield code="1">0</subfield>
    <subfield code="2">lcc</subfield>
    <subfield code="4">0</subfield>
    <subfield code="7">0</subfield>
    <subfield code="8">NFIC</subfield>
    <subfield code="a">MSL</subfield>
    <subfield code="b">MSL</subfield>
    <subfield code="c">GEN</subfield>
    <subfield code="d">2024-12-15</subfield>
    <subfield code="l">0</subfield>
    <subfield code="o">QP34.5 .G72 GRE</subfield>
    <subfield code="p">SLM00001578</subfield>
    <subfield code="r">2024-12-15 14:55:01</subfield>
    <subfield code="t">3</subfield>
    <subfield code="w">2024-12-15</subfield>
    <subfield code="y">BK</subfield>
  </datafield>
  <datafield tag="952" ind1=" " ind2=" ">
    <subfield code="0">0</subfield>
    <subfield code="1">0</subfield>
    <subfield code="2">lcc</subfield>
    <subfield code="4">0</subfield>
    <subfield code="7">0</subfield>
    <subfield code="8">NFIC</subfield>
    <subfield code="a">MSL</subfield>
    <subfield code="b">MSL</subfield>
    <subfield code="c">GEN</subfield>
    <subfield code="d">2024-12-15</subfield>
    <subfield code="l">0</subfield>
    <subfield code="o">QP34.5 .G72 GRE</subfield>
    <subfield code="p">SLM00001579</subfield>
    <subfield code="r">2024-12-15 14:55:01</subfield>
    <subfield code="t">4</subfield>
    <subfield code="w">2024-12-15</subfield>
    <subfield code="y">BK</subfield>
  </datafield>
  <datafield tag="952" ind1=" " ind2=" ">
    <subfield code="0">0</subfield>
    <subfield code="1">0</subfield>
    <subfield code="2">lcc</subfield>
    <subfield code="4">0</subfield>
    <subfield code="7">0</subfield>
    <subfield code="8">NFIC</subfield>
    <subfield code="a">MSL</subfield>
    <subfield code="b">MSL</subfield>
    <subfield code="c">GEN</subfield>
    <subfield code="d">2024-12-15</subfield>
    <subfield code="l">0</subfield>
    <subfield code="o">QP34.5 .G72 GRE</subfield>
    <subfield code="p">SLM00001580</subfield>
    <subfield code="r">2024-12-15 14:55:01</subfield>
    <subfield code="t">5</subfield>
    <subfield code="w">2024-12-15</subfield>
    <subfield code="y">BK</subfield>
  </datafield>
  <datafield tag="952" ind1=" " ind2=" ">
    <subfield code="0">0</subfield>
    <subfield code="1">0</subfield>
    <subfield code="2">lcc</subfield>
    <subfield code="4">0</subfield>
    <subfield code="7">0</subfield>
    <subfield code="8">NFIC</subfield>
    <subfield code="a">MSL</subfield>
    <subfield code="b">MSL</subfield>
    <subfield code="c">GEN</subfield>
    <subfield code="d">2024-12-15</subfield>
    <subfield code="l">0</subfield>
    <subfield code="o">QP34.5 .G72 GRE</subfield>
    <subfield code="p">SLM00001581</subfield>
    <subfield code="r">2024-12-15 14:55:01</subfield>
    <subfield code="t">6</subfield>
    <subfield code="w">2024-12-15</subfield>
    <subfield code="y">BK</subfield>
  </datafield>
  <datafield tag="952" ind1=" " ind2=" ">
    <subfield code="0">0</subfield>
    <subfield code="1">0</subfield>
    <subfield code="2">lcc</subfield>
    <subfield code="4">0</subfield>
    <subfield code="7">0</subfield>
    <subfield code="8">NFIC</subfield>
    <subfield code="a">MSL</subfield>
    <subfield code="b">MSL</subfield>
    <subfield code="c">GEN</subfield>
    <subfield code="d">2024-12-15</subfield>
    <subfield code="l">0</subfield>
    <subfield code="o">QP34.5 .G72 GRE</subfield>
    <subfield code="p">SLM00001582</subfield>
    <subfield code="r">2024-12-15 14:55:01</subfield>
    <subfield code="t">7</subfield>
    <subfield code="w">2024-12-15</subfield>
    <subfield code="y">BK</subfield>
  </datafield>
</record>
